mysqli: Table './ulib62015/stat_globaluid' is marked as crashed and should be repaired
select id from stat_globaluid where statuid='20260705235500_1619'
mysqli: Table './ulib62015/stat_globaluid' is marked as crashed and should be repaired
DELETE FROM stat_globaluid
WHERE id NOT IN (
SELECT id
FROM (
SELECT id
FROM stat_globaluid
ORDER BY id DESC
LIMIT 100
) foo
);
mysqli: Table './ulib62015/stat_globaluid' is marked as crashed and should be repaired
insert into stat_globaluid set
statuid='20260705235500_1619',
dt='1783270500',
phpself='/ULIB62015/dublinfull.php',
agent='Mozilla/5.0 AppleWebKit/537.36 (KHTML, like Gecko; compatible; ClaudeBot/1.0; +claudebot@anthropic.com)',
yea='2026',
mon='7',
dat='5',
ip='216.73.217.145'
mysqli: Table './ulib62015/stathist_viewbib_bib_type' is marked as crashed and should be repaired
insert into stathist_viewbib_bib_type set
dat='05' ,
mon='07' ,
yea='2026' ,
statuid='20260705235500_1619' ,
head='21930' ,
foot='marc' ,
dt='1783270500'
| LEADER : 01174nam 2200277 a 4500 |
| 001 21930 |
| 003 ULIB |
| 008 030417s2534 caua sb 001 0 tha |
| 020 ^a9745059374
|
| 060 04 ^aQU145^bค178ภ 2534
|
| 100 ^aค้วน ขาวหนู
|
| 245 10 ^aโภชนศาสตร์ /^cค้วน ขาวหนู
|
| 260 ^aกรุงเทพฯ :^bอักษราพิพัฒน์,^c2534
|
| 300 ^a516 หน้า :^bภาพประกอบ;^c26 ซม.
|
| 650 4 ^aโภชนศาสตร์
|
| 945 ^p250^l0^i001328
|
| 945 ^p0^l0^i001327 |
| คุณยังไม่ได้ล็อกอิน คุณสามารถมีกิจกรรมร่วมกับเว็บไซต์ได้ แต่ต้องล็อกอินก่อน :: |
|
|
|
| ลำดับที่ |
ประเภท |
เลขเรียก/บาร์โค้ด |
สถานที่ |
สถานะ |
| - ไม่พบข้อมูล - |
รายการใกล้เคียง
หัวเรื่อง [โภชนศาสตร์]
|
|
ยังไม่เคยถูกคอมเมนท์
|
| คอมเมนท์ทรัพยากรรายการนี้ |
|